Представление документа в формате MARC21

Поле Инд. ПП Название Значение
Тип записи a
Библиографический уровень m
001 Контрольный номер RU/IS/BASE/399048163
005 Дата корректировки 20260126080021.6
008 Кодируемые данные 20120823
022 0_ a ISSN 0130-0075
041 0_ a Код языка текста rus
084 a Индекс другой классификации/Индекс ББК 81.053.1; 81.04; 82.3(0)-01; 83.3(4Вел)5; 83.3(2=411.2)6-45; 81.411.2-025.7; 81.1; 81.411.2-20-22; 83.3(2=411.2)52-444.55; 83.3(0)6-022.30; 83.3(5Ирн)6-45
090 a Полочн. индекс 95.4+80
099 a Индекс 71009
245 10 a Заглавие Вестник Московского университета. Серия 9, Филология
b Продолж. заглавия научный журнал
n Номер части/ раздела №2/2012
c Ответственность учредитель: МГУ им. М. В. Ломоносова. Филологический факультет; гл. ред. М. Л. Ремнева
260 c Дата издания 2012
b Издательство Издательство Московского университета
a Место издания Москва
300 a Объем 240 с.
500 a Примечание Журнал
504 a Библиография Библиогр. в конце статьи
505 0_ a Форматированное содержание Ассиметричный языковой знак в речи: к вопросу о взаимодействии смыслов в разных условиях их реализации
b Автор Чернейко Л. О.
505 0_ a Форматированное содержание К вопросу о взаимодействии категорий переходности и залога (на материалае русского и английского языков)
b Автор Гаврилова В. И.
505 0_ a Форматированное содержание Влияние европейских памфлетов-пародий на формирование русской традиции parodia sacra XVII - XIX вв.
b Автор Алпатов С. В.
b Автор Шамин С. М.
505 0_ a Форматированное содержание Восток в творчестве Байрона
b Автор Соловьева Н. А.
505 0_ a Форматированное содержание Субъектная перспектива в лирической поэзии
b Автор Сидорова М. Ю.
b Автор О Чжонхюнь
505 0_ a Форматированное содержание Виды идиолектов в современном городе (на материале языковой ситуации в Брянске)
b Автор Кузнецов В. А.
505 0_ a Форматированное содержание О лингвистических аспектах смс-коммуникации
b Автор Сироткина Е. С.
505 0_ a Форматированное содержание Синтаксическая деривация в аспекте современных лингвистических исследований
b Автор Полтавский П. Х.
505 0_ a Форматированное содержание Правый и левый в поэзии В. В. Маяковского
b Автор Киселева И. В.
505 0_ a Форматированное содержание "Поездка в Кирилло-Белозерский монастырь" С. П. Шевырева в контексте русской литературы о путешествиях первой половины XIX века
b Автор Жукова А. Н.
505 0_ a Форматированное содержание Арест как ситуация абсурда в литературе XX в.
b Автор Шмидт М. М.
505 0_ a Форматированное содержание Категория женской ментальности в ранней поэзии Марины Цветаевой и в поэтическом творчестве Фурруг Фаррохзад
b Автор Шахриари Маргочоиех С.
530 a Примеч. о доп. формах оглавление
600 14 a Персоналии Байрон Джордж Ноэл Гордон
a Персоналии Даниэль Юлий Маркович
a Персоналии Карамзин Николай Михайлович
a Персоналии Кафка Франц
a Персоналии Маяковский Владимир Владимирович
a Персоналии Набоков Владимир Владимирович
a Персоналии Окуджава Булат Шалвович
a Персоналии Самойлов Давид Самуилович
a Персоналии Синявский Андрей Донатович
a Персоналии Фаррохзад Фуруг
a Персоналии Хармс Даниил Иванович
a Персоналии Цветаева Марина Ивановна
a Персоналии Шевырев Степан Петрович
650 04 a Основная рубрика диалектология
a Основная рубрика история литературы
a Основная рубрика лексическая семантика
a Основная рубрика литературоведение
a Основная рубрика прикладное языкознание
a Основная рубрика русский язык
a Основная рубрика синтаксис
a Основная рубрика сравнительное языкознание
a Основная рубрика филологические науки
a Основная рубрика фольклор
a Основная рубрика языкознание
653 0_ a Ключевые слова "Поездка в Кирилло-Белозерский монастырь"
a Ключевые слова "Служба кабаку"
a Ключевые слова XIX век
a Ключевые слова XVII век
a Ключевые слова XVIII век
a Ключевые слова XX век
a Ключевые слова абсурд
a Ключевые слова авангардизм
a Ключевые слова алогизмы
a Ключевые слова английский язык
a Ключевые слова арест
a Ключевые слова Брянск
a Ключевые слова Великобритания
a Ключевые слова возвратные глаголы
a Ключевые слова восточные мотивы
a Ключевые слова глагол
a Ключевые слова глагольные формы
a Ключевые слова гротеск
a Ключевые слова Европа
a Ключевые слова женская литература
a Ключевые слова женская ментальность
a Ключевые слова залог глагола
a Ключевые слова западничество
a Ключевые слова идиолект
a Ключевые слова идиолектизмы
a Ключевые слова Иран
a Ключевые слова иранская литература
a Ключевые слова исторический метод
a Ключевые слова коммуникативно-функциональная грамматика
a Ключевые слова лексическое значение
a Ключевые слова лингвистика
a Ключевые слова лингвистические исследования
a Ключевые слова лингвистический анализ
a Ключевые слова лирическая поэзия
a Ключевые слова литература путешествий
a Ключевые слова литературные течения
a Ключевые слова модернизм
a Ключевые слова наддиалектные формы
a Ключевые слова одиночество
a Ключевые слова омонимия
a Ключевые слова паломничество
a Ключевые слова памфлеты
a Ключевые слова пародии
a Ключевые слова переходность залога
a Ключевые слова переходные конструкции
a Ключевые слова письменная разговорная речь
a Ключевые слова полисемия
a Ключевые слова поэзия
a Ключевые слова поэтический язык
a Ключевые слова православие
a Ключевые слова проза
a Ключевые слова путевые заметки
a Ключевые слова путешествия
a Ключевые слова Россия
a Ключевые слова русская культура
a Ключевые слова светская литература
a Ключевые слова свобода воли
a Ключевые слова синтаксическая деривация
a Ключевые слова славянофильство
a Ключевые слова словообразовательное гнездо
a Ключевые слова словообразовательное значение
a Ключевые слова смертная казнь
a Ключевые слова смс-коммуникации
a Ключевые слова смс-сообщение
a Ключевые слова СССР
a Ключевые слова стихотворения
a Ключевые слова тема ареста
a Ключевые слова философия абсурда
a Ключевые слова языковая ситуация
700 12 a Автор Чернейко Л. О.
q Полное имя Чернейко Людмила Олеговна
700 1_ a Автор Гаврилова В. И.
q Полное имя Гаврилова Валентина Ивановна
700 1_ a Автор Алпатов С. В.
q Полное имя Алпатов Сергей Викторович
700 1_ a Автор Шамин С. М.
q Полное имя Шамин Степан Михайлович
700 1_ a Автор Соловьева Н. А.
q Полное имя Соловьева Наталия Александровна
700 1_ a Автор Сидорова М. Ю.
q Полное имя Сидорова Марина Юрьевна
700 1_ a Автор О Чжонхюн
700 1_ a Автор Кузнецов В. О.
q Полное имя Кузнецов Виталий Олегович
700 1_ a Автор Сироткина Е. С.
q Полное имя Сироткина Евгений Сергеевна
700 1_ a Автор Полтавский П. Х.
q Полное имя Полтавский Панайот Христофорович
700 1_ a Автор Киселева И. В.
q Полное имя Киселева Инна Викторовна
700 1_ a Автор Жукова А. Н.
q Полное имя Жукова Александра Николаевна
700 1_ a Автор Шмидт М. М.
q Полное имя Шмидт Мария Михайловна
700 1_ a Автор Шахриари Маргочоиех С.
q Полное имя Шахриари Маргочоиех Сакинех
773 18 w Контрольный № источника RU/IS/BASE/403800858
856 40 a Имя сервера/домена Научная электронная библиотека eLIBRARY.RU
d Путь http://elibrary.ru
i Указания/сценарий входа Доступ после регистрации на компьютерах университета
u URL https://elibrary.ru/contents.asp?id=33746394
y Справочный текст Электронная версия
900 a Имя электронного ресурса ~p_mgy_filolog_2_12
x Справочная информация Оглавление
901 t Тип документа s
952 a Тип литературы для КСУ ВШ НЖ
991 s 3